Ligue 1 2014/2015 Classement - Statistiques

Statistiques générales
  • Ce quiz a été pris 151 fois
  • Le résultat moyen est 18 sur 20
Statistiques - réponses
Classement pts Réponse % Correct
2 75 Lyon
100%
4 69 Marseille
100%
1 83 Paris
100%
5 69 Saint-Etienne
98%
3 71 Monaco
97%
8 56 Lille
96%
17 42 Toulouse
96%
6 63 Bordeaux
95%
9 50 Rennes
95%
11 48 Nice
94%
14 45 Nantes
93%
7 56 Montpellier
92%
19 30 Metz
91%
20 29 Lens
86%
16 43 Lorient
85%
15 44 Reims
81%
12 47 Bastia
80%
10 49 Guingamp
80%
13 46 Caen
79%
18 37 Evian
79%
Aucun quiz correspondant
Distribution des résultats
% des personnes avec chaque résultat
Percentile par nombre de réponses
Votre historique - résultats
Vous n’avez pas pris ce quiz